All 2024 WTA Final Lineups - Statistics

General Stats
  • This quiz has been taken 136 times
  • The average score is 71 of 112
Answer Stats
Tournament Category Player % Correct
Australian Open Grand Slam W Aryna Sabalenka
99%
US Open Grand Slam W Aryna Sabalenka
99%
F Aryna Sabalenka
99%
F Aryna Sabalenka
99%
Cincinnati Masters 1000 W Aryna Sabalenka
99%
Wuhan Masters 1000 W Aryna Sabalenka
99%
F Aryna Sabalenka
99%
Roland Garros Grand Slam W Iga Świątek
98%
Doha Masters 1000 W Iga Świątek
98%
Indian Wells Masters 1000 W Iga Świątek
98%
Madrid Masters 1000 W Iga Świątek
98%
Rome Masters 1000 W Iga Świątek
98%
Wimbledon Grand Slam W Barbora Krejčíková
95%
F Jasmine Paolini
94%
F Jasmine Paolini
94%
Dubai Masters 1000 W Jasmine Paolini
94%
Beijing Masters 1000 W Coco Gauff
93%
Riyadh WTA Finals W Coco Gauff
93%
Auckland WTA 250 W Coco Gauff
93%
F Jessica Pegula
91%
Toronto Masters 1000 W Jessica Pegula
91%
F Jessica Pegula
91%
Berlin WTA 500 W Jessica Pegula
91%
F Qinwen Zheng
91%
F Qinwen Zheng
91%
F Qinwen Zheng
91%
Tokyo WTA 500 W Qinwen Zheng
91%
Palermo WTA 250 W Qinwen Zheng
91%
F Elena Rybakina
90%
F Elena Rybakina
90%
Brisbane WTA 500 W Elena Rybakina
90%
Abu Dhabi WTA 500 W Elena Rybakina
90%
Stuttgart WTA 500 W Elena Rybakina
90%
Paris Olympics W Qinweng Zheng
90%
Strasbourg WTA 500 W Madison Keys
85%
F Mirra Andreeva
81%
Iași WTA 250 W Mirra Andreeva
81%
Miami Masters 1000 W Danielle Collins
78%
Charleston WTA 500 W Danielle Collins
78%
F Danielle Collins
78%
Washington WTA 500 W Paula Badosa
76%
F Donna Vekić
73%
F Donna Vekić
73%
F Maria Sakkari
73%
F Ann Li
71%
F Daria Kasatkina
71%
F Daria Kasatkina
71%
F Daria Kasatkina
71%
Eastbourne WTA 500 W Daria Kasatkina
71%
F Daria Kasatkina
71%
Ningbo WTA 500 W Daria Kasatkina
71%
Adelaide WTA 500 W Jeļena Ostapenko
70%
Linz WTA 500 W Jeļena Ostapenko
70%
F Elina Svitolina
69%
F Karolína Muchová
69%
F Karolina Muchová
69%
F Magda Linette
68%
Prague WTA 250 W Magda Linette
68%
San Diego WTA 500 W Katie Boulter
66%
Nottingham WTA 250 W Katie Boulter
66%
F Katie Boulter
66%
F Anna Kalinskaya
64%
F Anna Kalinskaya
64%
F Ekaterina Alexandrova
63%
Hobart WTA 250 W Emma Navarro
61%
F Amanda Anisimova
60%
Bad Homburg WTA 500 W Diana Shnaider
60%
Hua Hin WTA 250 W Diana Shnaider
60%
Budapest WTA 250 W Diana Shnaider
60%
Hong Kong WTA 250 W Diana Shnaider
60%
Guadalajara WTA 500 W Magdalena Fręch
60%
F Magdalena Fręch
60%
F Elise Mertens
58%
F Marta Kostyuk
58%
F Marta Kostyuk
58%
Seoul WTA 500 W Beatriz Haddad Maia
55%
F Beatriz Haddad Maia
55%
F Leylah Fernandez
55%
Bogotá WTA 250 W Camila Osorio
51%
Monterrey WTA 500 W Linda Nosková
48%
Rosmalen WTA 250 W Liudmila Samsonova
48%
F Xiyu Wang
46%
Cluj-Napoca WTA 250 W Karolína Plíšková
43%
F Karolína Plíšková
43%
Rouen WTA 250 W Sloane Stephens
41%
Birmingham WTA 250 W Yulia Putintseva
41%
F Bianca Andreescu
38%
Guangzhou WTA 250 W Olga Danilović
38%
F Lulu Sun
34%
F Rebecca Šramková
34%
Hua Hin WTA 250 W Rebecca Šramková
34%
F Rebecca Šramková
34%
F Sofia Kenin
34%
F Marie Bouzková
30%
F Marie Bouzková
30%
Cleveland WTA 250 W McCartney Kessler
30%
F Laura Siegemund
29%
F Ajla Tomljanović
26%
Rabat WTA 250 W Peyton Stearns
25%
F Elina Avanesyan
24%
Austin WTA 250 W Yue Yuan
23%
F Mayar Sherif
21%
F Olivia Gadecki
19%
F Ana Bogdan
18%
Jiujiang WTA 250 W Viktorija Golubić
18%
Monastir WTA 250 W Sonay Kartal
16%
Osaka WTA 250 W Suzan Lamens
15%
F Caroline Dolehide
14%
F Kimberly Birrell
14%
Merida WTA 250 W Zeynep Sönmez
14%
F Lin Zhu
10%
F Aliaksandra Sasnovich
9%
No matching quizzes found
Score Distribution
Percent of People with Each Score
Percentile by Number Answered
Your Score History
You have not taken this quiz